Design and Operation of Smart Distribution Grids

Bibliographic Details
Main Author: Birkner, Peter (Author)
Format: Article
Language:English

MARC

LEADER 00000naa a2200000uu 4500
001 vtls011085814
003 SK-MaSNL
005 20260302105250.0
008 210905|2011 xo |||||||||||||||||eng|
015 |a SNBRA 
035 |a (urnnbn)urn:nbn:sk:snk:ar-a0cmb0 
035 |a (uuid)f0165957-3a4e-440c-975e-b8a8d4fa7a99 
035 |a urn:nbn:sk:snk-aavs6i 
040 |a SNKBUCL  |b slo  |c SNKBUCL  |e AACR2 
041 0 |a eng 
044 |a xo  |c SK 
100 1 |a Birkner, Peter  |4 aut  |9 782174 
245 1 0 |a Design and Operation of Smart Distribution Grids  |c Peter Birkner 
773 0 |t Elektroenergetika 2011  |d Košice : Technical University, 2011  |g S. 301-312  |z 9788055307244 
958 |a OND 
958 |a article12 
958 |a chapter 
999 |c 1237997  |d 1239927